Meyerbeer: sa vie, ses oeuvres et son temps

محفوظ في:
التفاصيل البيبلوغرافية
المؤلف الرئيسي: Bury, Henri Blaze de (مؤلف)
التنسيق: كتاب
اللغة:الفرنسية
منشور في: París Hengel 1865
الموضوعات:
الوسوم: إضافة وسم
لا توجد وسوم, كن أول من يضع وسما على هذه التسجيلة!

MARC

LEADER 00000nam a2200000 a 4500
001 UCW2442
003 CL-VaPUC
005 20231113113004.0
008 900529e18650000FR |||||||||||||||||fre|d
999 |c 216992  |d 216990 
040 |c Pontificia Universidad Católica de Valparaíso 
082 0 4 |a 780.92 BUR 1865  |2 21 
100 0 |a Bury, Henri Blaze de  |e author  |9 306578 
245 1 0 |a Meyerbeer: sa vie, ses oeuvres et son temps 
246 1 0 |a Glinka, Michel Ivanovitch: d'aprés ses mémoires et sa correspondance 
246 1 0 |a Haydn: sa vie et ses oeuvres 
260 |a París  |b Hengel  |c 1865 
300 |a 438 p 
583 |a last modification  |c 19900529 00:00:00  |k Rodrigo Vera 
600 0 |a Meyerbeer, Giacomo  |9 306579 
600 0 |a Haydn, Franz Joseph  |9 306580 
600 0 |a Glinka, Mikhail Ivanovick  |9 306581 
942 |c BK  |2 ddc 
945 |d 19900529 00:00:00